| 000 | 00805nam a2200265 a 4500 | ||
|---|---|---|---|
| 005 | 20200104041515.0 | ||
| 008 | 140224b1997 ck ||||| |||| 00| 0 spa d | ||
| 040 |
_aCO-BoIAVH _cCO-BoIAVH |
||
| 041 | _aspa | ||
| 044 | _ack | ||
| 082 |
_aLB-333.714 _bU85e |
||
| 100 | 1 |
_aBaptiste-Ballera, Luis Guillermo _977398 |
|
| 245 | 1 | _aEcología e impacto ambiental | |
| 260 |
_aBucaramanga _bUniversidad Industrial de Santander _bInstituto de Educación a Distancia _c1997 |
||
| 300 | _a85 Paginas | ||
| 650 | 1 | 4 |
_aImpacto ambiental _977399 |
| 650 | 1 | 4 |
_aDesarrollo sostenible _9278 |
| 650 | 1 | 4 |
_aDesarrollo económico _977401 |
| 650 | 1 | 4 |
_aDesarrollo social _977402 |
| 650 | 1 | 4 |
_aAgricultura _9304 |
| 650 | 1 | 4 |
_aEcosistemas _977404 |
| 650 | 1 | 4 |
_aUso del suelo _93216 |
| 662 | _aColombia | ||
| 942 |
_cLIBRO _2ddc |
||
| 999 |
_c867 _d867 |
||